| 000 | 00714nam a2200241 a 4500 | ||
|---|---|---|---|
| 001 | BRCA_5921 | ||
| 005 | 20190320205250.0 | ||
| 008 | 180311s1898----enka######---#000-0#eng-# | ||
| 041 | _aeng | ||
| 044 | _aenk | ||
| 050 | 4 |
_aNK7210 _b.M37 1898 |
|
| 100 | 1 |
_aMarkham, Christopher A. _q(Christopher Alexander) _914967 |
|
| 245 | 1 | 0 |
_aHandbook to foreign hallmarks on gold and silver plate _cChristopher A. Markham. |
| 260 |
_aLondres _bReeves & Turner _c1898 |
||
| 300 |
_avi, 102 p. _bil., 1 lámina _c19 cm. |
||
| 500 | _aIncluye índice alfabético | ||
| 500 | _aG68 | ||
| 650 | 1 | 4 |
_aMarcas de orfebrería _99229 |
| 650 | 1 | 4 |
_aOrfebrería _97836 |
| 650 | 1 | 4 |
_aPlatería _92745 |
| 902 | _aGFM | ||
| 942 |
_2lcc _cB |
||
| 999 |
_c5610 _d5610 |
||